Library Banner

Teaching terror (Record no. 51026)

MARC details
000 -LEADER
fixed length control field 00523nam a2200181Ia 4500
001 - CONTROL NUMBER
control field 53605
008 - FIXED-LENGTH DATA ELEMENTS--GENERAL INFORMATION
fixed length control field 140505s9999 xx 000 0 und d
020 ## - INTERNATIONAL STANDARD BOOK NUMBER
International Standard Book Number 9788130909981
040 ## - CATALOGING SOURCE
Transcribing agency PK-LaUMT
082 ## - DEWEY DECIMAL CLASSIFICATION NUMBER
Classification number 363.3250715
Item number TEA-
100 ## - MAIN ENTRY--PERSONAL NAME
Personal name Forest, James J. F
245 ## - TITLE STATEMENT
Title Teaching terror
Remainder of title strategic and tactical learning in the terrorist world
Statement of responsibility, etc Forest, James J. F
260 ## - PUBLICATION, DISTRIBUTION, ETC. (IMPRINT)
Place of publication, distribution, etc New Delhi,India:
Name of publisher, distributor, etc Viva Books Private Limited,
Date of publication, distribution, etc 2009
300 ## - PHYSICAL DESCRIPTION
Extent 306 p.
546 ## - LANGUAGE NOTE
Language note EN
650 ## - SUBJECT ADDED ENTRY--TOPICAL TERM
Topical term or geographic name as entry element Training-Terrorist
942 ## - ADDED ENTRY ELEMENTS (KOHA)
Koha item type Books
Holdings
Withdrawn status Lost status Damaged status Not for loan Home library Current library Date acquired Total Checkouts Total Renewals Full call number Barcode Date last seen Date checked out Price effective from Koha item type
        UMT Main Campus UMT Main Campus 2014-05-05 4 1 363.3250715 TEA- 62450 2024-05-27 2024-05-26 2014-05-08 Books